logo

Bir Sreshtho Munshi Abdur Rouf Library
Jhenaidah Cadet College

English social history : (Record no. 8141)

MARC details
000 -LEADER
fixed length control field 00851cam a2200289 a 4500
001 - CONTROL NUMBER
JCCL Control Number 8141
003 - CONTROL NUMBER IDENTIFIER
JCCL marc code BD-JhCC
005 - DATE AND TIME OF LATEST TRANSACTION
control field 20180709105207.0
008 - FIXED-LENGTH DATA ELEMENTS--GENERAL INFORMATION
fixed length control field 999999s1978 enk | |||| ||eng||
020 ## - INTERNATIONAL STANDARD BOOK NUMBER
International Standard Book Number 058248488X
035 ## - SYSTEM CONTROL NUMBER
system control number CONN421113
035 ## - SYSTEM CONTROL NUMBER
system control number (BD-JhCC)8141
035 ## - SYSTEM CONTROL NUMBER
system control number 808683
040 ## - CATALOGING SOURCE
Original cataloging agency BD-JhCC
Modifying agency BD-JhCC
041 ## - LANGUAGE CODE
Language code of Book eng
082 ## - DEWEY DECIMAL CLASSIFICATION NUMBER
Author mark and Year TRE 1978
Classification number 942
100 1# - MAIN ENTRY--PERSONAL NAME
Personal name Trevelyan, George Macaulay,
Dates associated with a name 1876-1962
245 10 - TITLE STATEMENT
Title English social history :
Remainder of title a survey of six centuries from Chaucer to Queen Victoria /
Statement of responsibility, etc Trevelyan.
250 ## - EDITION STATEMENT
Edition statement New illustrated ed. /
260 ## - PUBLICATION, DISTRIBUTION, ETC. (IMPRINT)
Place of publication, distribution, etc London :
Name of publisher, distributor, etc Longman,
Date of publication, distribution, etc 1978.
300 ## - PHYSICAL DESCRIPTION
Pagination xvii,555p ;
Dimensions 26cm.
500 ## - GENERAL NOTE
General note Previous ed.: London : Longmans, Green and Co., 1944.
651 #0 - SUBJECT ADDED ENTRY--GEOGRAPHIC NAME
Geographic name Great Britain
General subdivision History.
651 #0 - SUBJECT ADDED ENTRY--GEOGRAPHIC NAME
Geographic name Great Britain
General subdivision Social conditions.
942 ## - ADDED ENTRY ELEMENTS (KOHA)
Source of classification or shelving scheme Dewey Decimal Classification
Koha item type Books
Holdings
Source of classification or shelving scheme Damaged status Not for loan Home library Current library Shelving location Total Checkouts Full call number Barcode Date last seen Copy number Koha item type
Dewey Decimal Classification     JCC Rouf Library JCC Rouf Library General Stacks   942 TRE 1978 10556 02/18/2018 C - 1 Books

JCC Library | Contacts | JCC Home

Last Update on 23 September 2017
Copyright @ 2017-2020 JCC Rouf Library
Rouf Library, Jhenidah Cadet College (JCC), Bangladesh